A collection of paintings by the best masters. : Will be sold by auction, on Munday the 16th. and Tuesday the 17th. of this instant Decemb. 1689. At the Outropers-office in the west-end of the Royal Exchange. The sale will begin at three afternoon precisely.

Bibliographic Details
Format: eBook
Language:English
Published: [London] : Catalogues of which may be had at the said office, Mr. Gillyflowers in Westminster-Hall, the Royal Coffee-house near White-Hall, Mr. Nott's in the Pall Mall, Mr. Wotton's near the Temple, Mr. Sare's within Grays-Inn-Gate, in Holborn; and at Mr. Bennets in St. Pauls Church-Yard, [1689]
Series:Early English books online.
Subjects:
Online Access:Connect to the full text of this electronic book

MARC

Tag First Indicator Second Indicator Subfields
LEADER 00000nam a2200000 4500
001 in00004187807
005 20200806080919.0
006 m g d
007 cr bn |||a|bb|
008 941213s1689 enk o 00 eng d
035 |a (UnM)99884246 
037 |a CL2105000002  |b ProQuest Information and Learning. 300 N. Zeeb Rd., Ann Arbor, MI 48106 
040 |a Cu-RivES  |c Cu-RivES  |d CStRLIN  |d Cu-RivES  |e dcrb 
245 0 2 |a A collection of paintings by the best masters. :  |b Will be sold by auction, on Munday the 16th. and Tuesday the 17th. of this instant Decemb. 1689. At the Outropers-office in the west-end of the Royal Exchange. The sale will begin at three afternoon precisely. 
260 |a [London] :  |b Catalogues of which may be had at the said office, Mr. Gillyflowers in Westminster-Hall, the Royal Coffee-house near White-Hall, Mr. Nott's in the Pall Mall, Mr. Wotton's near the Temple, Mr. Sare's within Grays-Inn-Gate, in Holborn; and at Mr. Bennets in St. Pauls Church-Yard,  |c [1689] 
300 |a 1 online resource ([2], 9 pages) 
336 |a text  |b txt  |2 rdacontent 
337 |a computer  |b c  |2 rdamedia 
338 |a online resource  |b cr  |2 rdacarrier 
500 |a Place of publication from Wing. 
500 |a At foot of t.p.: The conditions of sale as usual, and the time of paying and fetching away the lots so bought, to be within three dayes after at the said place, and paying porterage. 
500 |a Reproduction of original in the British Library. 
510 4 |a Wing (CD-ROM, 1996)  |c C5155 
510 4 |a Early English books tract supplement interim guide  |c 1402.g.1[17] 
533 |a Electronic reproduction.  |b Ann Arbor, Mich. :  |c UMI,  |d 1999-  |f (Early English books online)  |n Digital version of: (Early English books; Tract supplement ; D6:1[17])  |7 s1999 miun s 
650 0 |a Art auctions  |z England  |z London  |v Early works to 1800. 
650 0 |a Art  |z England  |x Catalogs  |v Early works to 1800. 
830 0 |a Early English books online. 
856 4 0 |u http://proxy.library.tamu.edu/login?url=https://search.proquest.com/docview/2240886962  |z Connect to the full text of this electronic book  |t 0 
999 f f |s f3bc777e-e630-3e02-8c32-518677acb99d  |i ebd6e51f-1272-3109-b4ea-c151ee0f03f7  |t 0 
952 f f |a Texas A&M University  |b College Station  |c Electronic Resources  |d Available Online  |t 0  |h No information provided 
998 f f |t 0  |l Available Online